Empowerment v sociálnej práci Nová metodológia práce so sociálne exkludovanými

Saved in:
Bibliographic Details
Main Author Kolektív, autorov
Other Authors Michal Kozubík
Format Electronic eBook
LanguageCzech
Published Grada SK 2025
Edition1. elektronické vydání
Subjects
Online AccessDostupné v BOOKPORT po přihlášení pomocí eduID
ISBN978-80-8090-981-9
978-80-8090-979-6
Physical Description1 online zdroj (112 stran)

Cover

LEADER 00000nam a2200000 i 4500
001 bkp100322
003 CZ-prgp
005 20250221121213.0
006 m o d
007 cr cn
008 250221s2025 xr o 000 0 cze
020 |a 978-80-8090-981-9  |c 319 Kč  |q (online ; epub) 
020 |a 978-80-8090-979-6  |c 375 Kč  |q (print) 
040 |a Grada  |b cze  |e rda 
100 1 |a Kolektív, autorov 
245 1 0 |a Empowerment v sociálnej práci  |b Nová metodológia práce so sociálne exkludovanými  |c autorov Kolektív, Michal Kozubík 
250 |a 1. elektronické vydání 
264 1 |b Grada SK  |c 2025 
300 |a 1 online zdroj (112 stran) 
336 |a text  |b txt  |2 rdacontent 
337 |a počítač  |b c  |2 rdamedia 
338 |a online zdroj  |b cr  |2 rdacarrier 
520 3 |a Empowerment (zmocnenie) je proces posilnenia osobnej, interpersonálnej a politickej sily prostredníctvom ktorej môžu jednotlivci, skupiny a komunity zlepšiť svoju životnú situáciu. Autorský tím sa venuje obyvateľstvu marginalizovaných rómskych sídiel, seniorom, mládeži, ako aj osobám s mentálnymi postihnutím. 
650 0 4 |a Psychologie 
650 0 4 |a Psychologie odborná 
700 1 |a Michal Kozubík 
856 4 0 |u https://www.bookport.cz/AccountSaml/SignIn/?idp=https://shibboleth.utb.cz/idp/shibboleth&returnUrl=/kniha/empowerment-v-socialnej-praci-14606/  |y Dostupné v BOOKPORT po přihlášení pomocí eduID